000 00493nam a2200169 i 4500
001 87667
003 ES-MaACL
007 t|
008 041223s1980 sp ||||1| spa d
020 _a84-350-304-3
100 1 _aKrishnamurti, J.
_968859
245 1 3 _aLa totalidad de la vida /
_cJ. Krishnamurti ; [traducción de Armando Clavier].
260 _aBarcelona :
_bEdhasa,
_c[1980]
300 _a260 p. ;
_c19 cm.
700 1 _aClavier, Armando.
_939139
852 _aES-MaACL
_jL-9905
_bR.111899
999 _c87667
_d87667